000 00591nam a22002057a 4500
001 00028854
005 20260423153150.0
008 260423b ag ||||| |||| 00| 0 spa d
040 _aAR-CcCEOS
_bspa
_cAR-CcCEOS
041 _aspa
080 _a930.9
090 _bBER t.8
100 1 _aBergeron, Louis
_91106
245 _aEl mundo y su historia VIII /
_bLas revoluciones europeas y el reparto del mundo /
_cLouis Bergeron
250 _a1ยช ed.
264 _aBarcelona :
_bArgos,
_c1971.
300 _a654 p. ;
_c24x18 cm.
650 0 _aHISTORIA UNIVERSAL
_91103
942 _2udc
_cBK
_n0
999 _c28895
_d28895